| 000 | 01030cam a22002054a 4500 | ||
|---|---|---|---|
| 005 | 20250605164035.0 | ||
| 008 | 250528s ||||||||||||||||||||||||d | ||
| 035 | _a16770 | ||
| 020 | _a134370546 | ||
| 040 |
_aGR-AtMCL _bgre _dGR-AtMCL _eAACR2 |
||
| 245 | 1 | _aSPSS / SPSS 6.1 Guide to Data Analysis | |
| 250 | _a1st | ||
| 300 | _a582 | ||
| 520 | _aThis book includes operating instructions for SPSS software on Windows and Macintosh computers to show you how to get the exact results you need. Getting Started, Introduction, Describing Data, Counting Responses, Comparing Groups, Looking at Distributors, Plotting Data, Testing Hypotheses, The Normal Distribution, One-Way Analysis of Variance, Two-Way Analysis of Variance, Nonparametric Tests, Examining Relationships, Measuring Association, Analyzing Residuals, Multiple Regression Diagnostics, Transforming and Selecting Data, Bibliography, Index. | ||
| 700 | 1 |
_aNorusis Marija J _92860 |
|
| 942 | _cBK | ||
| 260 | _bPrentice Hall | ||
| 999 |
_c2235 _d2235 |
||